Divided we stand : (Record no. 8163)

MARC details
000 -LEADER
fixed length control field 00611 a2200193 4500
010 ## - LCCN (DPL NO)
LC control number ENG-88333
020 ## - INTERNATIONAL STANDARD BOOK NUMBER
International Standard Book Number 9788178298290
Terms of availability 650.00
035 ## - SYSTEM CONTROL NUMBER
System control number EN-71866
037 ## - SOURCE OF ACQUISITION
Source of stock number/acquisition DBAD / PUB
082 00 - DEWEY DECIMAL CLASSIFICATION NUMBER
Classification number 324.254
100 1# - MAIN ENTRY--PERSONAL NAME
Personal name Thakurta, Paranjoy Guha
245 10 - TITLE STATEMENT
Title Divided we stand :
Remainder of title India in a time of coalitions /
Statement of responsibility, etc by Paranjoy Guha Thakurta [and] Shankar Raghuraman
260 ## - PUBLICATION, DISTRIBUTION, ETC. (IMPRINT)
Place of publication, distribution, etc New Delhi
Name of publisher, distributor, etc Sage Publications
Date of publication, distribution, etc 2008
300 ## - PHYSICAL DESCRIPTION
Extent 524p.
Dimensions 22cm (Hb)
500 ## - GENERAL NOTE
General note Includes index
650 #0 - SUBJECT ADDED ENTRY--TOPICAL TERM
Topical term or geographic name as entry element Political parties
Geographic subdivision India
700 1# - ADDED ENTRY--PERSONAL NAME
Personal name Raghuraman, Shankar
942 ## - ADDED ENTRY ELEMENTS (KOHA)
Institution code [OBSOLETE] dpl
Item type English Books
Source of classification or shelving scheme Dewey Decimal Classification
Classification part 324.254
Call number suffix THA
Holdings
Withdrawn status Lost status Not for loan Collection code Home library Current library Source of acquisition Cost, normal purchase price Full call number Barcode Copy number Cost, replacement price Koha item type
    Not For Loan Non-fiction D.B.Act.Division D.B.Act.Division DBAD/PUB 650.00 324.254 THA EN-71866 1 650.00 English Books

© Delhi Public Library
Hit Counter
free hit counter